Alžírsko

Stručná ekonomicko-geografická charakteristika Alžírska. Zahranično-obchodné vzťahy Alžírska a Českej republiky. Perspektívne trhové sektory a komodity.

Saved in:
Bibliographic Details
Main Author: Malý, Petr
Format: Book Chapter
Language:Czech
Subjects:
Tags: Add Tag
No Tags, Be the first to tag this record!

MARC

LEADER 00000naa a2200000 4500
001 r034004
005 20230920095742.2
041 0 |a cze 
044 |a CZ 
245 1 0 |a Alžírsko  |c Petr Malý 
520 |a Stručná ekonomicko-geografická charakteristika Alžírska. Zahranično-obchodné vzťahy Alžírska a Českej republiky. Perspektívne trhové sektory a komodity. 
610 2 0 |a obchod zahraničný 
610 2 0 |a vzťahy politické medzinárodné 
610 2 0 |a bilancia platobná 
610 2 0 |a komodity 
610 2 0 |a vývoj hospodársky 
610 2 0 |a Alžírsko 
610 2 0 |a Česko 
100 1 |a Malý, Petr